000 00606nam a2200217Ia 4500
999 _c37593
_d37593
001 3565
003 GE_BSU
005 20190624143319.0
008 181216s2005||||enk|||||||||||||| ||eng||
020 _a0521531926
040 _cGE_BSU
041 _aeng
080 _a81+159.922.7
100 _aO'Grady, William.
_92802
245 _aHow Children Learn Language
264 _aCambridge :
_bCambridge University Press,
_c2005.
300 _a238 p. ;
_b21 cm.
653 _aინგლისური ენის შესწავლა
653 _aფსიქოლოგია
942 _cBK
_2udc